Suomen keskiaikaiset kaupungit - Statistics

Yleistilastot
  • Tätä visaa on pelattu 845 kertaa
  • Keskiarvotulos 4 / 6
Vastaustilastot
Perustamisvuosi Kaupunki % Oikein
1200-luku Turku
100%
noin 1380 Porvoo
78%
1442 Rauma
67%
1443 Naantali
47%
1403 Viipuri
46%
1365 Ulvila
39%
Ehtoja vastaavia visoja ei löytynyt
Tulosjakauma
Jokaisen tuloksen saaneiden osuus
Persentiili vastausten määrän mukaan
Tuloshistoriasi
Et ole pelannut tätä visaa